000 00422nam a22001697a 4500
003 OSt
005 20160408143854.0
008 160408b xxu||||| |||| 00| 0 eng d
020 _a013149855.
040 _cDDC.
100 _aGroebner,F.David;[al....et]
_97599
245 _aBusiness Statistics.
300 _axxix,808p;
_bcol,ill;
_c27cm
504 _aincludes index.
650 _aStatistics.
_91274
942 _2ddc
_cSLOAN
999 _c3410
_d3410